000
00465nam a2200169Ia 4500
008
151018s9999 xx 000 0 und d
082
_b
RBASDV24608
_a
891.433
100
_a
राणू
245
_a
प्यासे रस्ते
260
_b
डायमंड
300
_a
144
600
_a
राणू
630
_a
प्यासे रस्ते
700
_a
राणू
730
_a
प्यासे रस्ते
942
_c
BOOK
999
_c
1024251
_d
1024248